000 00256nam a2200109 a 4500
005 20140513081050.0
008 020606s19uu xx 00 eng d
050 _aP 411
_bNEW
245 _aNew Zealand writers.
650 _aWriters--Poster
999 _c116308
_d116308